Sports Quiz

Random Sports or NBA Quiz

Los Angeles All-Stars (1990s) Quiz Stats

 Plays Quiz not verified by Sporcle

Score 0/124 Timer 07:00
2 Plays Today
Season Player % Correct
LakersMagic Johnson
92.3%
LakersMagic Johnson
91.8%
LakersMagic Johnson
91.8%
LakersKobe Bryant
91.1%
LakersShaquille O'Neal
89.5%
LakersShaquille O'Neal
89.5%
KingsWayne Gretzky
81.9%
KingsWayne Gretzky
81.9%
KingsWayne Gretzky
81.9%
KingsWayne Gretzky
81.9%
KingsWayne Gretzky
81.9%
LakersJames Worthy
81%
KingsWayne Gretzky
80.2%
LakersJames Worthy
79.3%
LakersJames Worthy
79.3%
DodgersMike Piazza
79.1%
DodgersMike Piazza
79.1%
DodgersMike Piazza
79.1%
DodgersMike Piazza
79.1%
DodgersMike Piazza
79.1%
RaidersTim Brown
77.5%
RaidersTim Brown
77.5%
RaidersTim Brown
77.5%
LakersA.C. Green
70%
LakersEddie Jones
63.3%
LakersEddie Jones
63.3%
LakersNick Van Exel
61.8%
DucksTeemu Selanne
57.2%
DucksTeemu Selanne
57.2%
DucksTeemu Selanne
57.2%
RamsJim Everett
56.3%
AngelsChuck Finley
55.6%
AngelsChuck Finley
55.6%
AngelsChuck Finley
55.6%
KingsLuc Robitaille
54.9%
KingsLuc Robitaille
54.9%
KingsLuc Robitaille
54.9%
KingsLuc Robitaille
54.9%
DucksPaul Kariya
54%
DucksPaul Kariya
54%
DucksPaul Kariya
54%
KingsLuc Robitaille
52.9%
Season Player % Correct
RamsJerome Bettis
52.1%
RamsJerome Bettis
52.1%
DodgersHideo Nomo
48.6%
DodgersRaul Mondesi
48.4%
RaidersBo Jackson
47.7%
ClippersDanny Manning
45.8%
ClippersDanny Manning
45.8%
RamsDoug Smith
45.5%
RaidersHowie Long
44.9%
KingsRob Blake
43.9%
KingsRob Blake
43.5%
KingsRob Blake
43.5%
DodgersMike Scioscia
43%
AngelsChili Davis
42.6%
AngelsLee Smith
42.6%
RaidersHowie Long
42.5%
RaidersHowie Long
42.5%
AngelsTroy Percival
41.6%
AngelsTroy Percival
41.6%
AngelsTroy Percival
41.6%
LakersCedric Ceballos
41.1%
AngelsMark Langston
40.9%
AngelsMark Langston
40.9%
AngelsMark Langston
40.9%
DodgersGary Sheffield
38.2%
DodgersGary Sheffield
38.2%
AngelsDarin Erstad
36.7%
AngelsJim Edmonds
36.1%
RamsHenry Ellard
34.7%
DodgersRamon Martinez
33.5%
DodgersEddie Murray
33.2%
KingsJari Kurri
32.1%
DodgersDarryl Strawberry
30.9%
DodgersBrett Butler
30.2%
RaidersJeff Hostetler
28.6%
RamsJackie Slater
28.4%
RamsJackie Slater
26.5%
AngelsGary DiSarcina
23%
DodgersJeff Shaw
22.8%
RaidersSteve Wisniewski
21.4%
RaidersSteve Wisniewski
21.4%
RaidersSteve Wisniewski
21.4%
Season Player % Correct
RaidersSteve Wisniewski
21.4%
RaidersSteve Wisniewski
21.4%
RamsKevin Greene
20.7%
AngelsBryan Harvey
20.4%
AngelsLance Parrish
20.2%
DodgersTodd Worrell
19.1%
DodgersTodd Worrell
19.1%
DodgersJose Offerman
17.7%
KingsBernie Nicholls
17.6%
RaidersRonnie Lott
16.5%
RaidersGreg Townsend
15.6%
RaidersGreg Townsend
15.6%
KingsDave Taylor
15.4%
KingsLarry Robinson
15%
DucksGuy Hebert
14.6%
KingsLarry Robinson
14.4%
RaidersJeff Jaeger
13.9%
DodgersMike Sharperson
13.9%
RaidersChester McGlockton
13.9%
RaidersTerry McDaniel
13%
RaidersTerry McDaniel
13%
RaidersTerry McDaniel
13%
DodgersJuan Samuel
12.3%
KingsTomas Sandstrom
10.7%
DodgersMike Morgan
9.8%
KingsSteve Duchesne
8.5%
RamsTom Newberry
7.7%
RamsSean Gilbert
7.5%
RamsJerry Gray
7.2%
AngelsJason Dickson
7%
RaidersDon Mosebar
6%
RaidersDon Mosebar
6%
KingsMattias Norstrom
6%
RaidersEthan Horton
5.8%
RaidersJeff Gossett
5.6%
RaidersKevin Gogan
4%
RaidersMax Montoya
3.5%
KingsDmitri Khristich
2.1%
DucksDmitri Mironov
1.8%
DucksAlexei Kasatonov
1.6%

You're not logged in!

Compare scores with friends on all Sporcle quizzes.
OR
Log In

Show Comments

Extras

Top Quizzes Today


Score Distribution

Your Account Isn't Verified!

In order to create a playlist on Sporcle, you need to verify the email address you used during registration. Go to your Sporcle Settings to finish the process.

Report this User

Report this user for behavior that violates our Community Guidelines.

Details: